000
00268nam a22001217a 4500
003
SGT
082
_a
370
_b
SIN
100
_a
SINHA, KUMAR DHIRAJ
245
_a
ELEMENTS OF HEARING IMPAIRMENT
260
_a
DELHI
_b
KANISHKA
_c
2017
300
_a
248
942
_2
ddc
_c
BK
_0
3
999
_c
17778
_d
17778